00261 a2200133 4500001000700000020001800007040001100025100001600036240002800052245002300080300000700103362000900110440000800119185054 a85-322-0699-9 cMagnum aRocha, Ruth10aA máquina malucalpor10aA máquina maluca a240 a1992 1aFTD